000 00714nam a2200301Ia 4500
005 20260401122257.0
008 008 250103s9999 xx 000 0 eng d
020 _a415401151
037 _aTB
040 _aEDL
040 _beng
040 _cEDL
041 _2eng
041 _aeng
084 _a954.03 LAI
084 _qEDL
100 _aLasiram, Pallavi Pandit
_91233107
245 0 _aViewing the Islamic Orient: British Travel Writers of the Nineteenth Century
245 0 _cLasiram, Pallavi Pandit
260 _aLondon
260 _bRoutledge
260 _c2006
300 _a253p
942 _cTB
942 _h954.03 LAI
999 _c1846161
_d1846161